| 000 | 00556nam a22001577a 4500 | ||
|---|---|---|---|
| 082 | _a005 | ||
| 100 | _aHasan, Muhammad Mubashir | ||
| 245 |
_aThe impact of music –based learning on memory-based examinations / _cMuhammad Mubashir Hasan |
||
| 260 |
_aIslamabad: _bSEECS - NUST, _c2017. |
||
| 300 |
_a85 p. : ill. ; _c30cm. |
||
| 650 |
_aITE - MS Thesis. _916510 |
||
| 700 |
_aSup: Dr. Farzana Ahmad _920125 |
||
| 856 | _uhttp://10.250.8.41:8080/xmlui/handle/123456789/30845 | ||
| 942 |
_2ddc _cTHE |
||
| 999 |
_c528364 _d528364 |
||